000 00461nam a2200217Ia 4500
001 000876
003 YMCAF
005 20230512160038.0
008 100717s1971 ||||||||||||||||| ||und|d
024 _a876
035 _a858
040 _aYMCAF
_beng
_cIN-KoLT
041 _aeng
082 _aBAS-SCH
100 _aSCHWI ZER GERVAL
245 0 _aBASIC OF FRACTIONOAL GORSE PUAL
250 _a1966
260 _bTARA
_c1971
300 _a0
942 _2ddc
_cBK
999 _c691
_d691